Natural resources, growth, and development (Record no. 11074)
[ view plain ]
| 000 -LEADER | |
|---|---|
| fixed length control field | 00292nam a22001217a 4500 |
| 040 ## - CATALOGING SOURCE | |
| Transcribing agency | HS |
| 082 ## - DEWEY DECIMAL CLASSIFICATION NUMBER | |
| Classification number | 333 TIS 1990 C085 |
| 100 ## - MAIN ENTRY--AUTHOR NAME | |
| Personal name | TISDEL CLEMENT A. |
| 245 ## - TITLE STATEMENT | |
| Title | Natural resources, growth, and development |
| 260 ## - PUBLICATION, DISTRIBUTION, ETC. (IMPRINT) | |
| Place of publication | New York |
| Name of publisher | TISDEL CLEMENT A. |
| Year of publication | 1990 |
| 300 ## - PHYSICAL DESCRIPTION | |
| Number of Pages | 186p; |
| 942 ## - ADDED ENTRY ELEMENTS (KOHA) | |
| Koha item type | សៀវភៅភាសាអង់គ្លេស |
| 952 ## - LOCATION AND ITEM INFORMATION (KOHA) | |
| Withdrawn status [LOCAL, KOHA] | 0 |
| Permanent Location | Date acquired | Koha item type | Lost status | Shelving location | Barcode | Current Location | Full call number |
|---|---|---|---|---|---|---|---|
| Library Block C | 2017-02-15 | សៀវភៅភាសាអង់គ្លេស | C189 | A05793 | Library Block C | 333 TIS 1990 C189 |